000 00265nam a22001217a 4500
008 190306b xxu||||| |||| 00| 0 eng d
041 _aeng
080 _a616.9
100 _a8
101 _aINF
245 _aInfections of the Hand
_cKanavel,A.B
942 _2udc
_cBK
999 _c54592
_d54592